| 000 | 01077nam a22003137i 4500 | ||
|---|---|---|---|
| 003 | EG-GICUC | ||
| 005 | 20260121101400.0 | ||
| 008 | 251129s1938 us ||||fr|||| 00| 0 fre d | ||
| 040 |
_aEG-GiCUC _bfre _cEG-GiCUC _dEG-GiCUC _eRda |
||
| 041 | _afre | ||
| 082 | 0 | 4 |
_221 _a341.84 _bAR . C |
| 092 | 0 | 4 | _221 |
| 099 | _aLaw1 12 341.84 AR . C 1938 | ||
| 100 | 1 |
_aArminjon, P. _eAuteur |
|
| 245 | 1 | 4 |
_aDes Conflits De Juridiction Relatifs Aux Sociétés en Droit Égyptien / _cP. Arminjon. |
| 264 | 1 |
_aLE Caire : _bImprimerie de l’Institut français, _c1938. |
|
| 300 |
_a47 page ; _c 24 cm.. |
||
| 336 |
_2rda contenu _a texte |
||
| 337 |
_2rda medias _aOrdinateur |
||
| 338 |
_2 transporteur rda _a Ressource en ligne |
||
| 500 | _aEXTRAIT DE L'EGEPTE CONTEMPORAINE, T. II, P. 229 - 275 | ||
| 504 | _aRéférences bibliographiques | ||
| 546 | _aTexte en français | ||
| 650 | 1 | 4 |
_aConflit de lois _xDroit international privé _2qrmak |
| 651 | 1 | _2qrmak | |
| 856 | 4 | 0 | _uhttps://fll.law.cu.edu.eg/fulltext/bks/B12-00846.pdf |
| 905 |
_a75 _eYara |
||
| 942 |
_2ddc _cBK _e21 _n0 |
||
| 999 |
_c46966 _d46966 |
||